00615cam a22002291 4500001001300000003000400013005001700017008004100034010001700075025001800092035002000110040001800130042001200148050001700160100002900177245006300206260001900269300004700288500001300335650002000348999001700368sa 67007704 DLC20260227112417.0891207s1963 ii 010 0 urdr  asa 67007704  aPL480:I-U-684 a(OCoLC)20743582 aDLCcWaUdDLC apremarc00aBJ1291b.R370 aRaz̤ī Badāyūnī.10aIslāmī masāʼil.c[martaba] Raz̤ī Badāyūnī. a[Delhi,c1963] a144 p. (p. 141-144 advertisements)c16 cm. aIn Urdu. 0aIslamic ethics. c76738d76738